• 首页
  • 本馆介绍
  • 公告通知
  • 最新文献
  • 馆藏检索
  • 电子资源
  • 读者导购
  • 参考咨询
  • 我的图书馆
  • 登录
  • 详细信息显示
  • 放入我的书架
  • 预约/预借图书
  • 作者相关作品
  • 分类相关作品
  • 丛书相关作品
  • 出版社相关作品

书目信息

  • 表格格式
  • 工作单格式
  • 卡片格式
题名:
古代南美洲的印加文化
    
 
作者: 刘文龙 著
分册:  
出版信息: 北京   商务印书馆  1983
页数: 55页
开本: 19cm
丛书名: 外国历史小丛书
单 册:
中图分类: K778.2 , K770.03
科图分类:
主题词: 印加文化 , 南美洲--历史
电子资源:
ISBN:
000 00760nam2 2200289 45
001 0183004245
005 20040510164020.9
010    @dCNY0.18
091    @a11017.643
100    @a19950525d1983 em y0chiy0121 ea
101 0  @achi
102    @aCN@b110000
105    @ay z 000yy
106    @ar
200 10 @a古代南美洲的印加文化@Agu dai nan mei zhou de yin jia wen hua@f刘文龙著
210    @a北京@c商务印书馆@d1983
215    @a55页@d19cm
225 2  @a外国历史小丛书
410  0 @120010@a外国历史小丛书
606    @a印加文化
606 0  @a南美洲@x历史
690    @aK778.2@v3
690    @aK770.03
701  0 @a刘文龙@Aliu wen long@4著
801  0 @aCN@b上海图书馆@c20040510
801  2 @aCN@bNLC@c20040510
905    @f2@b122537-538@dK770.03@e1
    
    古代南美洲的印加文化/刘文龙著.-北京:商务印书馆,1983
    55页;19cm.-(外国历史小丛书)
    
    
    ISBN :CNY0.18
    
●
相关链接 在E读中查询图书 在五车中查询图书 在当当中查询图书 在豆瓣中查询图书


正题名:古代南美洲的印加文化     索取号:K770.03/1         预约/预借

序号 登录号 条形码 馆藏地/架位号 状态 备注
1 0122537   001413688   密集书库/ [索取号:K770.03/1] 在馆    
2 0122538   001413704   密集书库/ [索取号:K770.03/1] 在馆    
3 0122539   001413697   第二样本阅览室/ [索取号:K770.03/1] 在馆    
唐山师范学院图书馆 欢迎您!
大连网信软件有限公司© 版权所有